00293nam a2200097Ia 4500008004000000082001700040100001900057245007200076260003900148300000800187210210b1983 xxu||||| |||| 00| 0 eng d a338.954 MAHE aMAHAJAN (V S). aEconomic development of India: a review of recent economic studies. aNDbDeep & Deep Publicationsc1983 a219